书目信息 |
| 题名: |
艺术思维和创作的发生
|
|
| 作者: | 杨文虎 | |
| 分册: | ||
| 出版信息: | 上海 学林出版社 36039 |
|
| 页数: | 274页 | |
| 开本: | 20cm | |
| 丛书名: | ||
| 单 册: | ||
| 中图分类: | I041 | |
| 科图分类: | ||
| 主题词: | 文学创作--写作学 , 文学创作--创作方法 | |
| 电子资源: | ||
| ISBN: | 7-80616-565-7 | |
| 000 | 00559nam0 2200193 450 | |
| 001 | 0728815141 | |
| 005 | 20070819080015.14 | |
| 010 | @a7-80616-565-7@d¥14.00 | |
| 100 | @a20070819d km y0chiy0120 ea | |
| 101 | 0 | @achi |
| 200 | 1 | @a艺术思维和创作的发生@Ayi shu si wei he chuang zuo de fa sheng@f杨文虎@Fyang wen hu |
| 210 | @a上海@c学林出版社@d36039 | |
| 215 | @a274页@d20cm | |
| 606 | 0 | @a文学创作@x写作学 |
| 606 | 0 | @a文学创作@x创作方法 |
| 690 | @aI041@v3 | |
| 701 | 0 | @a杨文虎@Ayang wen hu |
| 801 | 0 | @aCN@bPFT@c20070819 |
| 905 | @a213230@dI041@eZW319@f1 | |
| 艺术思维和创作的发生/杨文虎.-上海:学林出版社,36039 |
| 274页;20cm |
| ISBN 7-80616-565-7:¥14.00 |
| ● |
| 相关链接 |
|
|
|
|
正题名:艺术思维和创作的发生
索取号:I041/ZW319
 
预约/预借
| 序号 | 登录号 | 条形码 | 馆藏地/架位号 | 状态 | 备注 |
| 1 | 7604869 | 276048698 | 密集书库-文学院/ [索取号:I041/ZW319] | 在馆 |